Geschichte des Buchhandels vom Altertum bis zur Gegenwart /

Saved in:
Bibliographic Details
Main Author: Widmann, Hans
Format: Book
Language:German
Published: Wiesbaden : Harrassowitz, 1975-<1992 >
Edition:Vollige Neubearb. d. Aufl. von 1952.
Subjects:
LEADER 01389nam a2200289 a 4500
001 c000018839
003 CARM
005 19880322000000.0
008 750812m19759999gw b 001 0 ger
015 |a GFR75-A (v. 1) 
019 1 |a 296559  |z 23586814  |5 LACONCORD2021 
020 |a 344701654X (v. 1) :  |c DM98.00 (v. 1) 
035 |a (OCoLC)1603657  |5 LACONCORD2021 
040 |a LC  |b eng  |c LC  |d NU 
050 0 0 |a Z280  |b .W5 1975 
082 0 4 |a 070.509  |2 20 
100 1 |a Widmann, Hans. 
245 1 0 |a Geschichte des Buchhandels vom Altertum bis zur Gegenwart /  |c Hans Widmann. 
250 |a Vollige Neubearb. d. Aufl. von 1952. 
260 |a Wiesbaden :  |b Harrassowitz,  |c 1975-<1992 > 
300 |a v. <1-5 > ;  |c 25 cm. 
504 |a Includes bibliographical references and index. 
505 1 |a T. 1. Bis zur Erfindung des Buchdrucks sowie Geschichte des deutschen Buchhandels -- Bd. 2. Geschichte des niederlandischen Buchhandels -- Bd. 3. Geschichte des Buchhandels in Ungarn -- Bd. 4. Geschichte des Buchhandels in Russland und der Sowjetunion -- Bd. 5. Geschichte des Buchhandels in Norwegen. 
650 0 |a Book industries and trade  |x History. 
852 8 |b CARM  |h A2:AE07F0  |i C00384  |p 0021310  |j v.1  |f BK 
999 f f |i f79151b6-8d0e-5741-b41a-0f31e2d7e1e6  |s ae4413ff-c55c-58cc-b9d6-378280167a9d 
952 f f |p Can circulate  |a CAVAL  |b CAVAL  |c CAVAL  |d CARM 1 Store  |e C00384  |f A2:AE07F0  |h Other scheme  |i book  |j v.1 held  |m 0021310